Drop in London right-to-buy sales (Record no. 72221)

MARC details
000 -LEADER
fixed length control field 00970cam a2200205 4500
001 - CONTROL NUMBER
control field WB3909-16
008 - FIXED-LENGTH DATA ELEMENTS--GENERAL INFORMATION
fixed length control field 030305n2003 000 0 eng u
035 ## - SYSTEM CONTROL NUMBER
System control number (Sirsi) u121517
245 ## - TITLE STATEMENT
Title Drop in London right-to-buy sales
260 ## - PUBLICATION, DISTRIBUTION, ETC.
Date of publication, distribution, etc. 2003
490 ## - SERIES STATEMENT
Series statement Housing Today
Volume/sequential designation (321) 21 February 2003, 10(1)
520 ## - SUMMARY, ETC.
Summary, etc. Figures from the ODPM revealed that right-to-buy sales in London had fallen by 10% while the other eight regions showed increases with the southeast of England recording the lowest. The drop leaves opinion divided over plans to cut right-to-buy discounts and comes as changes to the right-to-buy discount system were due to be laid before parliament. "ODPM housing statistics: council house sales" http://www.housing.odpm.gov.uk/statistics/publicat/chousesales/progress/index.htm
590 ## - LOCAL NOTE (RLIN)
Local note WB
650 ## - SUBJECT ADDED ENTRY--TOPICAL TERM
Topical term or geographic name entry element RIGHT TO BUY SCHEMES
650 ## - SUBJECT ADDED ENTRY--TOPICAL TERM
Topical term or geographic name entry element COUNCIL HOUSING
650 ## - SUBJECT ADDED ENTRY--TOPICAL TERM
Topical term or geographic name entry element STATISTICS
650 ## - SUBJECT ADDED ENTRY--TOPICAL TERM
Topical term or geographic name entry element LONDON
690 ## - LOCAL SUBJECT ADDED ENTRY--TOPICAL TERM (OCLC, RLIN)
Topical term or geographic name as entry element HOUSING
942 ## - ADDED ENTRY ELEMENTS (KOHA)
Suppress in OPAC 0
Holdings
Withdrawn status Lost status Source of classification or shelving scheme Damaged status Not for loan Home library Current library Shelving location Date acquired Total Checkouts Full call number Barcode Date last seen Copy number Price effective from Koha item type
    Dewey Decimal Classification     London London News article 05/03/2003   WB3909-16 121517-1001 06/08/2019 1 06/08/2019 News article